[Event "FIN-chT 1516"]
[Site "Finland"]
[Date "2016.03.12"]
[Round "10.7"]
[White "Kujala, Auvo"]
[Black "Jarvenpaa, Jari"]
[Result "1-0"]
[WhiteElo "2241"]
[BlackElo "2247"]
[PlyCount "117"]
[EventDate "2015.09.12"]
[EventType "team-tourn"]
[EventRounds "11"]
[EventCountry "FIN"]
[SourceTitle "EXT 2017"]
[Source "ChessBase"]
[SourceDate "2016.10.25"]
[SourceVersion "1"]
[SourceVersionDate "2016.10.25"]
[SourceQuality "1"]
[WhiteTeam "Vantaa EtVaS"]
[BlackTeam "Espoo MatSK"]
[WhiteTeamCountry "FIN"]
[BlackTeamCountry "FIN"]

1. e4 c6 2. Nc3 d5 3. Nf3 Nf6 4. e5 Ne4 5. d4 Nxc3 6. bxc3 e6 7. Rb1 Be7 8. h4 c5 9. Bg5 Bxg5 10. hxg5 Qa5 11. dxc5 Qxc3+ 12. Qd2 Qxd2+ 13. Kxd2 Ke7 14. Bb5 a6 15. Ba4 Ra7 16. Rh4 Bd7 17. Bb3 a5 18. c4 dxc4 19. Rxc4 h5 20. Ke3 Rc8 21. Nd4 Na6 22. Rbc1 Nb4 23. a3 Nd5+ 24. Ke4 Bc6 25. Nxc6+ bxc6 26. Ra4 Rb8 27. Bxd5 exd5+ 28. Kd3 Rb2 29. Rc2 Rb1 30. Kc3 Ke6 31. f4 Kf5 32. Rb2 Rc1+ 33. Rc2 Rf1 34. Rb2 Rxf4 35. Rxf4+ Kxf4 36. Kd4 Kxg5 37. Rb6 Rc7 38. e6 Kf6 39. exf7 Kxf7 40. Ke5 Re7+ 41. Kd6 Re6+ 42. Kd7 a4 43. Ra6 g5 44. Rxa4 h4 45. Rd4 Rg6 46. a4 Kf6 47. a5 Ke5 48. Ra4 d4 49. Kc7 d3 50. a6 g4 51. a7 Rg8 52. Kxc6 d2 53. Ra1 Ke4 54. Kb7 Rg7+ 55. Kb6 Rg8 56. c6 Ke3 57. Kb7 Kf2 58. c7 Kxg2 59. c8Q 1-0

[Event "FIN Team Cup"]
[Site "Finland"]
[Date "2012.09.15"]
[Round "5.5"]
[White "Kujala, Auvo"]
[Black "Nivala, Tuomas"]
[Result "1-0"]
[WhiteElo "2233"]
[BlackElo "2213"]
[PlyCount "73"]
[EventDate "2012.03.31"]
[EventType "team-k.o."]
[EventRounds "6"]
[EventCountry "FIN"]
[SourceTitle "EXT 2022"]
[Source "ChessBase"]
[SourceDate "2021.10.06"]
[SourceVersion "1"]
[SourceVersionDate "2021.10.06"]
[SourceQuality "1"]
[WhiteTeam "Vantaa EtVaS"]
[BlackTeam "Jyvaskyla JyS"]
[WhiteTeamCountry "FIN"]
[BlackTeamCountry "FIN"]

1. d4 e6 2. c4 d5 3. Nc3 c6 4. Nf3 dxc4 5. a4 Bb4 6. e3 b5 7. Bd2 a5 8. axb5 Bxc3 9. Bxc3 cxb5 10. b3 Bb7 11. bxc4 b4 12. Bb2 Nf6 13. Bd3 Nbd7 14. 0-0 0-0 15. Nd2 Re8 16. f3 Qc7 17. Ne4 Nxe4 18. fxe4 e5 19. Qh5 f6 20. c5 g6 21. Qh4 Ba6 22. Bc2 Bxf1 23. Kxf1 Kg7 24. Ba4 Re7 25. Kg1 g5 26. Qg4 h5 27. Qf5 Nf8 28. Rf1 Nh7 29. Rc1 exd4 30. exd4 Qf4 31. d5 Qe3+ 32. Kh1 Rxe4 33. Rf1 Rf4 34. Bxf6+ Kf8 35. Bxg5+ Rxf5 36. Rxf5+ Kg7 37. Bxe3 1-0

[Event "EU-Cup 26th"]
[Site "Plovdiv"]
[Date "2010.10.19"]
[Round "3.4"]
[White "Kujala, Auvo"]
[Black "Gayson, Peter"]
[Result "1/2-1/2"]
[WhiteElo "2225"]
[BlackElo "2184"]
[PlyCount "56"]
[EventDate "2010.10.17"]
[EventType "team-swiss"]
[EventRounds "7"]
[EventCountry "BUL"]
[SourceTitle "CBM 139"]
[Source "ChessBase"]
[SourceDate "2010.11.18"]
[SourceVersion "1"]
[SourceVersionDate "2010.11.18"]
[SourceQuality "1"]
[WhiteTeam "Etela Vantaan"]
[BlackTeam "White Rose"]
[WhiteTeamCountry "FIN"]
[BlackTeamCountry "ENG"]

1. d4 f5 2. g3 g6 3. Bg2 Bg7 4. Nh3 d6 5. 0-0 c6 6. c3 Nf6 7. Nd2 0-0 8. Qb3+ e6 9. e4 fxe4 10. Nxe4 Nxe4 11. Bxe4 Na6 12. Be3 Nc7 13. Bg2 Nd5 14. Bg5 Qc7 15. Rae1 Kh8 16. c4 Ne7 17. Bxe7 Qxe7 18. Re4 e5 19. dxe5 dxe5 20. Qe3 Bf5 21. Rh4 Bf6 22. Rh6 Bg7 23. Rh4 Bf6 24. Rh6 Bg7 25. Rh4 Bf6 26. Rh6 Bg7 27. Rh4 Bf6 28. Rh6 Bg7 1/2-1/2

[Event "EU-Cup 26th"]
[Site "Plovdiv"]
[Date "2010.10.17"]
[Round "1.6"]
[White "Kujala, Auvo"]
[Black "Fish, Gennadij"]
[Result "1-0"]
[WhiteElo "2225"]
[BlackElo "2502"]
[PlyCount "89"]
[EventDate "2010.10.17"]
[EventType "team-swiss"]
[EventRounds "7"]
[EventCountry "BUL"]
[SourceTitle "CBM 139"]
[Source "ChessBase"]
[SourceDate "2010.11.18"]
[SourceVersion "1"]
[SourceVersionDate "2010.11.18"]
[SourceQuality "1"]
[WhiteTeam "Etela Vantaan"]
[BlackTeam "Werder Bremen"]
[WhiteTeamCountry "FIN"]
[BlackTeamCountry "GER"]

1. e4 c5 2. Nf3 e6 3. c3 Nc6 4. d4 d5 5. e5 Nge7 6. a3 Nf5 7. b4 cxd4 8. cxd4 Qb6 9. Bb2 Be7 10. Bd3 Bd7 11. 0-0 g6 12. Nbd2 Ncxd4 13. Nxd4 Nxd4 14. Qg4 Nf5 15. Qe2 0-0 16. Nf3 a5 17. g4 Nh4 18. Nxh4 Bxh4 19. b5 Bg5 20. Kg2 Bf4 21. a4 f6 22. h4 fxe5 23. Bxe5 Qd8 24. g5 Rc8 25. Rae1 Bxe5 26. Qxe5 Qc7 27. f4 Qc3 28. Re3 Qxe5 29. Rxe5 Rc3 30. Rf3 Rfc8 31. h5 Kg7 32. Re2 Ra3 33. h6+ Kf7 34. Bxg6+ Kxg6 35. Rxa3 Rc4 36. Kg3 b6 37. Rae3 Rxa4 38. Rxe6+ Bxe6 39. Rxe6+ Kh5 40. Rxb6 Ra3+ 41. Kf2 Kg4 42. Rb8 Rh3 43. b6 a4 44. b7 a3 45. Ra8 1-0

[Event "EU-Cup 25th"]
[Site "Ohrid"]
[Date "2009.10.06"]
[Round "3.5"]
[White "Kujala, Auvo"]
[Black "Wendt, Jan Dietrich"]
[Result "0-1"]
[WhiteElo "2242"]
[BlackElo "2352"]
[PlyCount "81"]
[EventDate "2009.10.04"]
[EventType "team-swiss"]
[EventRounds "7"]
[EventCountry "MKD"]
[SourceTitle "CBM 133"]
[Source "ChessBase"]
[SourceDate "2009.11.19"]
[SourceVersion "1"]
[SourceVersionDate "2009.11.19"]
[SourceQuality "1"]
[WhiteTeam "Etela Vantaan"]
[BlackTeam "Berlin SF"]
[WhiteTeamCountry "FIN"]
[BlackTeamCountry "GER"]

1. d4 Nf6 2. Nf3 g6 3. c4 Bg7 4. Nc3 0-0 5. e4 d6 6. Be2 e5 7. dxe5 dxe5 8. Qxd8 Rxd8 9. Bg5 Nbd7 10. Rd1 Rf8 11. 0-0 c6 12. Rfe1 Re8 13. h3 Nc5 14. Bf1 a5 15. Rd6 Nfd7 16. Red1 f6 17. Be3 Bf8 18. R6d2 Be7 19. Ne1 Nf8 20. g3 Be6 21. f4 exf4 22. gxf4 Bf7 23. f5 Na6 24. a3 Bc5 25. Bd4 Re7 26. Kg2 Bxd4 27. Rxd4 Rae8 28. Nc2 Nc5 29. Rd6 Nxe4 30. Nxe4 Rxe4 31. Nd4 Kg7 32. Bd3 R4e7 33. Rf1 Nd7 34. fxg6 hxg6 35. b4 Ne5 36. Be2 axb4 37. axb4 b5 38. c5 Bd5+ 39. Kh2 Nf7 40. Nf5+ gxf5 41. Rg1+ 0-1

[Event "FIN-chT 0607"]
[Site "Finland"]
[Date "2007.02.10"]
[Round "7.6"]
[White "Saastamoinen, Aarne"]
[Black "Kujala, Auvo"]
[Result "1/2-1/2"]
[WhiteElo "2175"]
[BlackElo "2252"]
[PlyCount "35"]
[EventDate "2006.09.14"]
[EventType "team-tourn"]
[EventRounds "9"]
[EventCountry "FIN"]
[SourceTitle "EXT 2022"]
[Source "ChessBase"]
[SourceDate "2021.10.06"]
[SourceVersion "1"]
[SourceVersionDate "2021.10.06"]
[SourceQuality "1"]
[WhiteTeam "Joensuu SK"]
[BlackTeam "Vantaa EtVaS"]
[WhiteTeamCountry "FIN"]
[BlackTeamCountry "FIN"]

1. e4 e6 2. d3 d5 3. Nd2 Nf6 4. Ngf3 Nc6 5. c3 e5 6. g3 dxe4 7. dxe4 Bc5 8. b4 Bb6 9. h3 a6 10. Qc2 0-0 11. Nc4 Be6 12. Be3 Bxc4 13. Bxc4 Bxe3 14. fxe3 Qe7 15. 0-0 Rad8 16. Rad1 Rxd1 17. Rxd1 Rd8 18. Rxd8+ 1/2-1/2

[Event "FIN-chT 0304"]
[Site "Finland"]
[Date "2003.10.25"]
[Round "3.6"]
[White "Kosmo, Santul"]
[Black "Kujala, Auvo"]
[Result "1/2-1/2"]
[WhiteElo "2180"]
[BlackElo "2280"]
[PlyCount "26"]
[EventDate "2003.09.06"]
[EventType "team-tourn"]
[EventRounds "9"]
[EventCountry "FIN"]
[SourceTitle "EXT 2022"]
[Source "ChessBase"]
[SourceDate "2021.10.06"]
[SourceVersion "1"]
[SourceVersionDate "2021.10.06"]
[SourceQuality "1"]
[WhiteTeam "Joensuu SK"]
[BlackTeam "Vantaa EtVaS"]
[WhiteTeamCountry "FIN"]
[BlackTeamCountry "FIN"]

1. e4 c5 2. Nf3 Nc6 3. d4 cxd4 4. Nxd4 Nf6 5. Nc3 d6 6. Bg5 e6 7. Qd2 a6 8. 0-0-0 Bd7 9. Be2 Qa5 10. f4 h6 11. Bh4 Be7 12. Bf2 Nxd4 13. Qxd4 e5 1/2-1/2

[Event "FIN-chT 0203"]
[Site "Finland"]
[Date "2003.03.16"]
[Round "9.5"]
[White "Kujala, Auvo"]
[Black "Ristoja, Jan"]
[Result "1/2-1/2"]
[WhiteElo "2284"]
[BlackElo "2289"]
[PlyCount "84"]
[EventDate "2002.10.21"]
[EventType "team-tourn"]
[EventRounds "9"]
[EventCountry "FIN"]
[SourceTitle "EXT 2004"]
[Source "ChessBase"]
[SourceDate "2003.11.25"]
[SourceVersion "1"]
[SourceVersionDate "2003.11.25"]
[SourceQuality "1"]
[WhiteTeam "Vantaa EtVaS"]
[BlackTeam "Helsinki Gaia"]
[WhiteTeamCountry "FIN"]
[BlackTeamCountry "FIN"]

1. e4 c5 2. Nf3 Nc6 3. d4 cxd4 4. Nxd4 Nf6 5. Nc3 e5 6. Ndb5 h6 7. Nd6+ Bxd6 8. Qxd6 Qe7 9. Qxe7+ Kxe7 10. Be3 d6 11. 0-0-0 Be6 12. f3 Rhd8 13. Bb5 Na5 14. b3 b6 15. Rhe1 Rac8 16. Kb2 Rc7 17. Ba6 Nc6 18. a3 d5 19. exd5 Nxd5 20. Nxd5+ Rxd5 21. Rxd5 Bxd5 22. Rd1 Be6 23. Be2 Bf5 24. c4 Na5 25. Bd2 Nc6 26. Be3 Na5 27. g4 Be6 28. f4 exf4 29. Bxf4 Rd7 30. Rxd7+ Kxd7 31. Kc3 Nc6 32. h3 g5 33. Bg3 f5 34. gxf5 Bxf5 35. h4 gxh4 36. Bxh4 Be6 37. Bf6 Bf7 38. b4 Kd6 39. Bg7 h5 40. c5+ bxc5 41. Bf8+ Ne7 42. bxc5+ Kd7 1/2-1/2

[Event "FIN-chT 0203"]
[Site "Finland"]
[Date "2003.03.15"]
[Round "8.5"]
[White "Lahtinen, Markku"]
[Black "Kujala, Auvo"]
[Result "1-0"]
[WhiteElo "2287"]
[BlackElo "2284"]
[PlyCount "55"]
[EventDate "2002.10.21"]
[EventType "team-tourn"]
[EventRounds "9"]
[EventCountry "FIN"]
[SourceTitle "EXT 2004"]
[Source "ChessBase"]
[SourceDate "2003.11.25"]
[SourceVersion "1"]
[SourceVersionDate "2003.11.25"]
[SourceQuality "1"]
[WhiteTeam "Joensuu SK"]
[BlackTeam "Vantaa EtVaS"]
[WhiteTeamCountry "FIN"]
[BlackTeamCountry "FIN"]

1. e4 c5 2. Nf3 Nc6 3. Bb5 e6 4. 0-0 Nge7 5. Re1 a6 6. Bf1 g6 7. c3 Bg7 8. d4 cxd4 9. cxd4 Qb6 10. d5 Nd4 11. Nbd2 0-0 12. Nc4 Nxf3+ 13. Qxf3 Qd8 14. Be3 d6 15. Bb6 Qd7 16. Ba5 b5 17. Nb6 Qa7 18. Nxa8 Qxa8 19. Bb4 Be5 20. Rad1 f5 21. dxe6 fxe4 22. Qxe4 Bb7 23. Qh4 Nf5 24. Qh3 Re8 25. Bc3 Rxe6 26. Bxe5 dxe5 27. Rd7 h5 28. Qb3 1-0

[Event "FIN-chT 0203"]
[Site "Finland"]
[Date "2002.11.16"]
[Round "4.6"]
[White "Topi Hulmi, Teemu"]
[Black "Kujala, Auvo"]
[Result "0-1"]
[WhiteElo "2139"]
[BlackElo "2284"]
[PlyCount "66"]
[EventDate "2002.10.21"]
[EventType "team-tourn"]
[EventRounds "9"]
[EventCountry "FIN"]
[SourceTitle "EXT 2004"]
[Source "ChessBase"]
[SourceDate "2003.11.25"]
[SourceVersion "1"]
[SourceVersionDate "2003.11.25"]
[SourceQuality "1"]
[WhiteTeam "Turku TS"]
[BlackTeam "Vantaa EtVaS"]
[WhiteTeamCountry "FIN"]
[BlackTeamCountry "FIN"]

1. e4 e6 2. d4 d5 3. exd5 exd5 4. c4 Nf6 5. Nc3 Bb4 6. Bd3 0-0 7. Nge2 Bg4 8. 0-0 Nc6 9. f3 dxc4 10. Bxc4 Bf5 11. Be3 Re8 12. Bf2 a6 13. a3 Bd6 14. Bh4 Be7 15. b4 Bg6 16. Qd2 Qd7 17. Rad1 Rad8 18. Qa2 Nh5 19. Bf2 Bd6 20. Nd5 b5 21. Bb3 Ne7 22. Nec3 Nxd5 23. Nxd5 c6 24. Ne3 Nf4 25. Bc2 Ne2+ 26. Kh1 Nc3 27. Qb3 Nxd1 28. Rxd1 Bf4 29. Bxg6 hxg6 30. Ng4 Qd5 31. Qc3 Re2 32. Bg1 Rde8 33. g3 R8e3 0-1

[Event "FIN-chT 0203"]
[Site "Finland"]
[Date "2002.10.20"]
[Round "3.6"]
[White "Kujala, Auvo"]
[Black "Parkkinen, Jyrki"]
[Result "1/2-1/2"]
[WhiteElo "2284"]
[BlackElo "2192"]
[PlyCount "90"]
[EventDate "2002.10.21"]
[EventType "team-tourn"]
[EventRounds "9"]
[EventCountry "FIN"]
[SourceTitle "EXT 2004"]
[Source "ChessBase"]
[SourceDate "2003.11.25"]
[SourceVersion "1"]
[SourceVersionDate "2003.11.25"]
[SourceQuality "1"]
[WhiteTeam "Vantaa EtVaS"]
[BlackTeam "Helsinki HSK"]
[WhiteTeamCountry "FIN"]
[BlackTeamCountry "FIN"]

1. e4 c6 2. d4 d5 3. exd5 cxd5 4. Bd3 Nc6 5. c3 Qc7 6. Ne2 Bg4 7. Bf4 Qxf4 8. Nxf4 Bxd1 9. Kxd1 Nf6 10. Nd2 e6 11. Bb5 Rc8 12. Nd3 a6 13. Bxc6+ Rxc6 14. Re1 Bd6 15. Nf3 0-0 16. Nfe5 Bxe5 17. Nxe5 Rc7 18. f3 Rfc8 19. Nd3 Nd7 20. Re2 g6 21. g4 Nf6 22. Kd2 h5 23. h3 hxg4 24. hxg4 Kg7 25. Rh1 Rh8 26. Rxh8 Kxh8 27. Nf4 Rc6 28. Nd3 Nd7 29. Ne5 Nxe5 30. dxe5 Kg7 31. g5 b5 32. Kd3 Rc4 33. b3 Rh4 34. Rf2 Kf8 35. f4 Ke7 36. c4 bxc4+ 37. bxc4 dxc4+ 38. Kxc4 Kd7 39. Rd2+ Kc7 40. Rd4 Kb6 41. Kb4 a5+ 42. Kc4 Kc6 43. a4 Rg4 44. Rd6+ Kc7 45. Rd4 Kc6 1/2-1/2

[Event "FIN-chT 0102"]
[Site "Finland"]
[Date "2001.10.20"]
[Round "2.5"]
[White "Kekki, Petri"]
[Black "Kujala, Auvo"]
[Result "1-0"]
[WhiteElo "2281"]
[BlackElo "2300"]
[PlyCount "49"]
[EventDate "2001.09.21"]
[EventType "team-tourn"]
[EventRounds "9"]
[EventCountry "FIN"]
[SourceTitle "EXT 2022"]
[Source "ChessBase"]
[SourceDate "2021.10.06"]
[SourceVersion "1"]
[SourceVersionDate "2021.10.06"]
[SourceQuality "1"]
[WhiteTeam "Espoo MatSK"]
[BlackTeam "Vantaa EtVaS"]
[WhiteTeamCountry "FIN"]
[BlackTeamCountry "FIN"]

1. d4 c5 2. dxc5 e6 3. e3 Bxc5 4. a3 Nf6 5. Nf3 0-0 6. b4 Be7 7. Bb2 a5 8. b5 d5 9. Nbd2 Nbd7 10. Be2 b6 11. c4 Bb7 12. 0-0 Rc8 13. Rc1 Bd6 14. cxd5 Rxc1 15. Qxc1 exd5 16. Nb3 Ne4 17. Qa1 f6 18. Rd1 Re8 19. Nbd4 Ndc5 20. a4 Bc7 21. Qa2 Qd6 22. Nc6 Bxc6 23. bxc6 Rd8 24. Rxd5 Qxd5 25. Bc4 1-0

[Event "FIN-chT 0102"]
[Site "Finland"]
[Date "2001.09.21"]
[Round "1.4"]
[White "Hartikainen, Markku"]
[Black "Kujala, Auvo"]
[Result "1-0"]
[WhiteElo "2287"]
[BlackElo "2300"]
[PlyCount "99"]
[EventDate "2001.09.21"]
[EventType "team-tourn"]
[EventRounds "9"]
[EventCountry "FIN"]
[SourceTitle "EXT 2022"]
[Source "ChessBase"]
[SourceDate "2021.10.06"]
[SourceVersion "1"]
[SourceVersionDate "2021.10.06"]
[SourceQuality "1"]
[WhiteTeam "Helsinki HSK"]
[BlackTeam "Vantaa EtVaS"]
[WhiteTeamCountry "FIN"]
[BlackTeamCountry "FIN"]

1. e4 e6 2. d4 d5 3. e5 c5 4. c3 Qb6 5. Nf3 Bd7 6. a3 c4 7. g3 Nc6 8. h4 Na5 9. Nbd2 0-0-0 10. Bh3 Kb8 11. 0-0 h6 12. h5 Ne7 13. Nh4 g5 14. Ng2 Bg7 15. Ne3 f5 16. exf6 Bxf6 17. Ng4 Bg7 18. Re1 Rhf8 19. Qe2 Nec6 20. Nf3 Nb3 21. Rb1 e5 22. dxe5 Bf5 23. Be3 d4 24. Nxd4 Nbxd4 25. cxd4 Nxd4 26. Bxd4 Rxd4 27. Rbd1 Re4 28. Qxe4 Bxe4 29. Rxe4 Qxb2 30. Rxc4 Bxe5 31. Rb4 Qc3 32. Rdb1 b6 33. R4b3 Qc7 34. Rd3 Bd6 35. Rbd1 Bc5 36. Bg2 Qf7 37. R1d2 Qe6 38. Ne3 Bxe3 39. Rxe3 Qf6 40. Rde2 Rf7 41. Re8+ Kc7 42. Rc2+ Kd7 43. Rec8 Qa1+ 44. Bf1 Re7 45. Kg2 Re1 46. Bb5+ Kd6 47. Rd2+ Ke6 48. Bc4+ Ke7 49. Rc7+ Ke8 50. Bb5+ 1-0

[Event "FIN-chT 9900"]
[Site "Finland"]
[Date "1999.??.??"]
[Round "4"]
[White "Kujala, Auvo"]
[Black "Tiitta, Sauli"]
[Result "1-0"]
[WhiteElo "2279"]
[BlackElo "2193"]
[PlyCount "113"]
[EventDate "1999.??.??"]
[EventType "team-tourn"]
[EventRounds "9"]
[EventCountry "FIN"]
[SourceTitle "EXT 2001"]
[Source "ChessBase"]
[SourceDate "2000.11.22"]
[SourceVersion "1"]
[SourceVersionDate "2000.11.22"]
[SourceQuality "1"]
[WhiteTeam "Vantaa EtVaS"]
[BlackTeam "Espoo MatSK"]
[WhiteTeamCountry "FIN"]
[BlackTeamCountry "FIN"]

1. d4 d5 2. Nf3 c5 3. c4 dxc4 4. Nc3 cxd4 5. Qxd4 Qxd4 6. Nxd4 Bd7 7. e4 Nc6 8. Nxc6 Bxc6 9. Bxc4 e6 10. Be3 Nf6 11. f3 a6 12. Rc1 Be7 13. 0-0 0-0 14. Rfd1 Rfd8 15. Ne2 Rxd1+ 16. Rxd1 Rd8 17. Rxd8+ Bxd8 18. Nd4 Bb6 19. Kf1 Bd7 20. Ke2 e5 21. Nf5 Bxe3 22. Kxe3 Bxf5 23. exf5 Kf8 24. f4 Nd7 25. fxe5 Nxe5 26. Bd5 b6 27. Kd4 f6 28. b4 Ke7 29. Bb7 a5 30. bxa5 bxa5 31. Kc5 Ng4 32. Kb5 Kd6 33. Kxa5 Kc5 34. h3 Ne3 35. g4 h5 36. Bf3 h4 37. Ka6 Nc2 38. Kb7 Na3 39. Kc7 Kd4 40. Kd7 Ke3 41. Bd5 Kf4 42. Ke7 Kg5 43. Kf7 Kh6 44. Be4 Nc4 45. Bc2 Ne5+ 46. Kg8 Nc6 47. Be4 Na5 48. Bd5 g6 49. Kf7 gxf5 50. gxf5 Kg5 51. Ke6 Kf4 52. Kxf6 Kg3 53. Kg5 Kxh3 54. f6 Kg3 55. f7 h3 56. f8Q h2 57. Qf3# 1-0

[Event "FIN-chT1B 9899"]
[Site "Finland"]
[Date "1998.??.??"]
[Round "2.1"]
[White "Kujala, Auvo"]
[Black "Molander, Riku"]
[Result "1/2-1/2"]
[WhiteElo "2270"]
[BlackElo "2235"]
[PlyCount "80"]
[EventDate "1998.??.??"]
[EventType "team-tourn"]
[EventRounds "7"]
[EventCountry "FIN"]
[SourceTitle "EXT 2022"]
[Source "ChessBase"]
[SourceDate "2021.10.06"]
[SourceVersion "1"]
[SourceVersionDate "2021.10.06"]
[SourceQuality "1"]
[WhiteTeam "Vantaa EtVaS  II"]
[BlackTeam "Helsinki I-HSK"]
[WhiteTeamCountry "FIN"]
[BlackTeamCountry "FIN"]

1. e4 c5 2. Nf3 d6 3. d4 cxd4 4. Nxd4 Nf6 5. Nc3 g6 6. Be3 Bg7 7. f3 0-0 8. Qd2 Nc6 9. 0-0-0 Nxd4 10. Bxd4 Be6 11. h4 Qa5 12. a3 Rab8 13. h5 Rfc8 14. hxg6 hxg6 15. g4 b5 16. Nd5 Qxd2+ 17. Rxd2 Nxd5 18. exd5 Bd7 19. Bxa7 Ra8 20. Bd4 b4 21. Bxg7 Kxg7 22. Rdh2 bxa3 23. g5 Rh8 24. Rxh8 Rxh8 25. Rxh8 axb2+ 26. Kxb2 Kxh8 27. Kc3 Kg7 28. Kd4 Kf8 29. c3 Ke8 30. f4 Kd8 31. c4 Ke8 32. Bd3 Bc8 33. c5 dxc5+ 34. Kxc5 Bg4 35. Bb5+ Kf8 36. d6 exd6+ 37. Kxd6 Bf5 38. Bc6 Bd3 39. Bd7 Bc2 40. Bg4 Bd3 1/2-1/2

[Event "EU-Cup 13th Group4"]
[Site "Parnu"]
[Date "1997.10.17"]
[Round "1"]
[White "Seeman, Tarvo"]
[Black "Kujala, Auvo"]
[Result "1-0"]
[WhiteElo "2355"]
[BlackElo "2280"]
[PlyCount "83"]
[EventDate "1997.10.17"]
[EventType "team-k.o."]
[EventRounds "3"]
[EventCountry "EST"]
[SourceTitle "EXT 2020"]
[Source "ChessBase"]
[SourceDate "2019.10.17"]
[SourceVersion "1"]
[SourceVersionDate "2019.10.17"]
[SourceQuality "1"]
[WhiteTeam "Parnu MK"]
[BlackTeam "Etela Vantaan"]
[WhiteTeamCountry "EST"]
[BlackTeamCountry "FIN"]

1. Nf3 c5 2. g3 Nc6 3. Bg2 g6 4. c3 Bg7 5. d4 cxd4 6. cxd4 d5 7. Nc3 Nf6 8. 0-0 0-0 9. Ne5 e6 10. Be3 Nxe5 11. dxe5 Ng4 12. Bc5 Nxe5 13. Bxf8 Qxf8 14. Rc1 Bd7 15. Qb3 Bc6 16. Rfd1 Nd7 17. e3 Rd8 18. Ne2 Nb6 19. Qc2 e5 20. Qc5 Qxc5 21. Rxc5 Bf8 22. Rc2 Be7 23. Nc1 Kg7 24. Nd3 f6 25. Nc5 Kf7 26. Nb3 Rd7 27. Na5 Bb5 28. Bf1 Bxf1 29. Kxf1 Ke6 30. Ke2 Bd6 31. Nb3 Na4 32. Nc1 Nc5 33. f3 Na6 34. Nd3 Bc7 35. a3 Bb6 36. Rc8 d4 37. exd4 Bxd4 38. Rdc1 f5 39. b4 Kf7 40. b5 e4 41. fxe4 fxe4 42. Nf4 1-0

[Event "EU-Cup 12th Group7"]
[Site "Bratislava"]
[Date "1996.09.06"]
[Round "1"]
[White "Kujala, Auvo"]
[Black "Cummings, David H"]
[Result "1/2-1/2"]
[WhiteElo "2290"]
[BlackElo "2360"]
[PlyCount "33"]
[EventDate "1996.09.06"]
[EventType "team-k.o."]
[EventRounds "3"]
[EventCountry "SVK"]
[SourceTitle "EXT 2020"]
[Source "ChessBase"]
[SourceDate "2019.10.17"]
[SourceVersion "1"]
[SourceVersionDate "2019.10.17"]
[SourceQuality "1"]
[WhiteTeam "Etela Vantaan"]
[BlackTeam "Slough"]
[WhiteTeamCountry "FIN"]
[BlackTeamCountry "ENG"]

1. e4 c5 2. Nf3 e6 3. d3 Nc6 4. g3 d5 5. Nbd2 Nge7 6. Bg2 g6 7. 0-0 Bg7 8. Re1 0-0 9. c3 b6 10. e5 Qc7 11. Qe2 g5 12. Nxg5 Nxe5 13. f4 N5g6 14. Ndf3 h6 15. Nh3 Ba6 16. Nf2 Rad8 17. Bd2 1/2-1/2

[Event "FIN-chT"]
[Site "Finland"]
[Date "1992.??.??"]
[Round "?"]
[White "Kujala, Auvo"]
[Black "Turunen, Erkki O"]
[Result "1-0"]
[WhiteElo "2285"]
[BlackElo "2280"]
[PlyCount "109"]
[EventDate "1992.??.??"]
[EventType "team"]
[EventRounds "8"]
[EventCountry "FIN"]
[SourceTitle "EXT 2000"]
[Source "ChessBase"]
[SourceDate "1999.11.16"]
[SourceVersion "1"]
[SourceVersionDate "1999.11.16"]
[SourceQuality "1"]

1. e4 c5 2. Nc3 e6 3. g3 d5 4. d3 Nf6 5. Bg2 Nc6 6. Nge2 d4 7. Nb1 e5 8. 0-0 Be7 9. a4 a6 10. f4 Ng4 11. h3 Ne3 12. Bxe3 dxe3 13. Na3 b5 14. fxe5 Rb8 15. axb5 axb5 16. c3 Nxe5 17. d4 cxd4 18. cxd4 Bxa3 19. bxa3 Nc4 20. Qd3 0-0 21. a4 Ba6 22. axb5 Bxb5 23. Rfb1 Nb2 24. Qxe3 Bxe2 25. Qxe2 Qxd4+ 26. Kh2 Rb3 27. Qc2 Qb6 28. Ra6 Qb8 29. e5 Rc8 30. Rc6 Rxc6 31. Bxc6 Rb4 32. Bd5 Nd3 33. Rxb4 Nxb4 34. Qb3 Qf8 35. Bc4 Nc6 36. e6 fxe6 37. Bxe6+ Kh8 38. Qe3 Nd8 39. Bd5 h6 40. h4 Kh7 41. Qe4+ Kh8 42. Bc4 g5 43. hxg5 hxg5 44. Qg6 Qf2+ 45. Kh3 g4+ 46. Qxg4 Qf8 47. Qh4+ Kg7 48. Qg5+ Kh8 49. Kg2 Nc6 50. Qd5 Ne7 51. Qe5+ Kh7 52. Bd3+ Kg8 53. Qg5+ Qg7 54. Bc4+ Kf8 55. Qf4+ 1-0